Advances in Architectural, Civil and Environmental Engineering : 32nd Annual PhD Student Conference on Applied Mathematics, Building Technology, Geodesy and Cartography, Landscaping, Theory and Environmental Technology of Buildings, Theory and Structures of Buildings, Theory and Structures of Civil Engineering Works, Water Resources Engineering. October 26th 2022, Bratislava, Slovakia
Salvato in:
| Ente Autore: | |
|---|---|
| Altri autori: | |
| Natura: | Atti del Convegno Libro |
| Lingua: | slovacco inglese |
| Pubblicazione: |
Bratislava :
Spektrum STU,
2022
|
| Edizione: | 1. vyd. |
| Tags: |
Nessun Tag, puoi essere il primo ad aggiungerne!!
|
MARC
| LEADER | 00000nam a22000003a 4500 | ||
|---|---|---|---|
| 001 | 0099270 | ||
| 003 | SK-STU | ||
| 005 | 20221216091638.9 | ||
| 007 | ta | ||
| 008 | 150114s ----xo-----e------100-0-----d | ||
| 020 | |a 978-80-227-5251-0 | ||
| 035 | |a biblio/804053 |2 CREPC2 | ||
| 040 | |a STU |b slo | ||
| 041 | 0 | |a slo |a eng | |
| 044 | |a xo | ||
| 111 | 2 | |a Advances in architectural, civil and environmental engineering |n 32. |d 26. 10. 2022 |c Bratislava, Slovenská republika | |
| 245 | 1 | 0 | |a Advances in Architectural, Civil and Environmental Engineering : |b 32nd Annual PhD Student Conference on Applied Mathematics, Building Technology, Geodesy and Cartography, Landscaping, Theory and Environmental Technology of Buildings, Theory and Structures of Buildings, Theory and Structures of Civil Engineering Works, Water Resources Engineering. October 26th 2022, Bratislava, Slovakia |h [elektronický zdroj] / |c zost. Andrej Bisták |
| 250 | |a 1. vyd. | ||
| 260 | |a Bratislava : |b Spektrum STU, |c 2022 | ||
| 300 | |a CD-ROM, 615 s. | ||
| 700 | 1 | |a Bisták, Andrej, |d 1990- |u 010906 |r Z7 |4 com |U SvF Oddelenie projektov a vonkajších vzťahov |T SvF Oddelenie vzťahov s verejnosťou |X 66824 |U 010906 |Y 188 |7 A000066824 | |
| 996 | |b 284V037934 |c V* 990/A |l VVT |s A |a 24 |w 0099270_0001 | ||